| 000 | 00766cam a2200265 4500 | ||
|---|---|---|---|
| 942 | _cBK | ||
| 999 |
_c535 _d535 |
||
| 001 | 3150584 | ||
| 003 | OSt | ||
| 005 | 20250420134814.0 | ||
| 008 | 740521m19741976nyua 001 0 eng | ||
| 010 | _a 74009846 | ||
| 020 | _a9780471491101 (v.1) | ||
| 040 |
_aDLC _cDLC _dDLC |
||
| 050 | 0 | 0 |
_aT57.9 _b.K6 |
| 082 | 0 | 0 |
_a519.82 _bKl Qu |
| 100 | 1 |
_aKleinrock, Leonard. _94857 |
|
| 245 | 1 | 0 |
_aQueueing systems : _bTheory / |
| 260 |
_aNew York, _bWiley _c[1975-1976] |
||
| 300 |
_av. 1 _billus. _c24 cm. |
||
| 500 | _a"A Wiley-Interscience publication." | ||
| 505 | 0 | _av. 1. Theory.--v. 2. Computer applications. | |
| 650 | 0 |
_aQueuing theory. _94858 |
|
| 856 | 4 |
_3Table of Contents _uhttp://www.loc.gov/catdir/toc/onix05/74009846.html |
|
| 942 | _2ddc | ||